Técnicas de investigación : métodos desarrollados en diarios y revistas de América Latina /

Manual sobre periodismo de investigación donde se concentran técnicas experimentales para buscar una noticia y desentrañar su verdad a través de metodologías como el cruzamiento de datos, análisis de registros públicos, seguimiento de movimientos del dinero, la seguridad de la fuente y del periodist...

Celý popis

Uloženo v:
Podrobná bibliografie
Hlavní autor: Santoro, Daniel (autor)
Další autoři: Eloy Martínez, Tomás (prólogo) (prólogo)
Médium: Kniha
Jazyk:španělština
Vydáno: México : Fondo de Cultura Económica : Fundación para un Nuevo Periodismo Iberoamericano, 2004, c2004
Edice:(Nuevo Periodismo. Manuales)
Témata:
Tagy: Přidat tag
Žádné tagy, Buďte první, kdo vytvoří štítek k tomuto záznamu!

MARC

LEADER 00000nam^a2200000^a^4500
001 000172491
005 20250521000000.0
009 20260310101419.394
020 |a 968-16-7241-0 
037 |a Acervo ITESO - Biblioteca 
041 |a ESP 
082 |a 302. 231  |b NUE MAN V. 1 
100 |a Santoro, Daniel  |e (autor) 
245 1 0 |a Técnicas de investigación :  |b métodos desarrollados en diarios y revistas de América Latina /  |c D. Santoro ; pról. de T. Eloy Martínez. 
264 4 |a México :  |b Fondo de Cultura Económica :  |b Fundación para un Nuevo Periodismo Iberoamericano,  |c 2004, c2004 
300 |a 287 p. 
336 |a texto  |b txt  |2 rdacontenido 
337 |a sin mediación  |b n  |2 rdamedio 
338 |a volumen  |b nc  |2 rdasoporte 
440 1 |a (Nuevo Periodismo.  |p Manuales) 
520 |a Manual sobre periodismo de investigación donde se concentran técnicas experimentales para buscar una noticia y desentrañar su verdad a través de metodologías como el cruzamiento de datos, análisis de registros públicos, seguimiento de movimientos del dinero, la seguridad de la fuente y del periodista y hasta la forma de redactar una nota de investigación de manera atractiva. El libro confirma que la investigación, en el caso de los periodistas, no es una especialidad de escritorio. 
521 |a 2012 BO Licenciatura en Periodismo y Comunicación Pública 
649 |a XX 
650 |a Periodismo de Investigación -  |x Metodología 
650 |a Análisis de Datos 
650 |a Análisis de Contenido 
650 |a Confiabilidad 
650 |a Registros 
650 |a Documentación 
650 |a Estudios de Caso 
650 |a Método Experimental 
650 |a Investigación-Acción 
650 |a Investigación Experimental 
650 |a Investigación -  |x Informes 
650 |a Estilo Literario 
650 |a Redacción 
650 |a Derecho a la Información 
650 |a Periodismo de Investigación -  |x Aspectos Jurídicos 
650 |a Periodismo 
650 |a Comunicación 
700 |a Eloy Martínez, Tomás  |e (prólogo) 
910 |a Fondo General 
920 |a Impresos - Libros 
930 |a Colección General 
905 |a 101 
901 |a 0500110138  |b IT1  |c ACC  |u 20250521 
901 |a 0500113711  |b IT1  |c ACC  |u 20250521 
902 |a https://opac.biblio.iteso.mx/vufind/Record/000172491